| 000 | 00493nam a2200181Ia 4500 | ||
|---|---|---|---|
| 005 | 20250326142032.0 | ||
| 008 | 250326s9999 xx 000 0 und d | ||
| 037 | _aTextbook | ||
| 040 |
_aFMSL _beng _cFMSL |
||
| 041 |
_aeng _2eng |
||
| 084 | _qFMSL | ||
| 100 |
_aShrivastava O S _9298946 |
||
| 245 | 0 |
_aEconomics development and planning in India _cShrivastava O S |
|
| 260 |
_aNew Delhi _bNew Delhi, Allied Pub. _c1988 |
||
| 300 | _a598p | ||
| 942 | _cTB | ||
| 999 |
_c1293141 _d1293141 |
||